| 000 | 00841nam a22002417a 4500 | ||
|---|---|---|---|
| 005 | 20170504113716.0 | ||
| 010 | _aENG-107795 | ||
| 020 |
_a9789382536000 _c325.00 |
||
| 035 | _aEN-91328 | ||
| 035 | _aB-534554-561 | ||
| 035 | _aB-667853 | ||
| 037 | _bDBAD/PUB | ||
| 037 |
_bStar Pub/Ven _adpl |
||
| 082 | _aN | ||
| 100 | _aLopa | ||
| 245 |
_aThree rivers of tears / _cby Lopa |
||
| 260 |
_aNew Delhi _bLiFi Publications Pvt. Ltd. _c2013 |
||
| 270 |
_a211, 2nd Floor, Gagandeep 12, Rajendra Place _bNew Delhi _e110008 |
||
| 300 |
_aix,493 p. _c20cm(pbk) |
||
| 942 |
_2ddc _cEN _mLOP _hN |
||
| 999 |
_c77085 _d77085 |
||